| 000 | nkm a22 a 4500 | ||
|---|---|---|---|
| 999 |
_c346190 _d346190 |
||
| 003 | BLK | ||
| 005 | 20191025153420.0 | ||
| 008 | 191025b bu ||||| |||| 00| 0 bu d | ||
| 040 | _aBLK | ||
| 041 |
_aBUL _cBUL |
||
| 080 |
_aПортретна фотография _b77.041.5 _z77.041.5 |
||
| 080 |
_aМитрополит Доростолски и Червенски _b929 Василий, митрополит _z929 Василий, митрополит |
||
| 245 |
_aМитрополит Василий _b[Снимка] |
||
| 300 | _c18 Х 28 см | ||
| 380 | _a7 | ||
| 490 |
_9396381 _aЧастна колекция - Академик Михаил Арнаудов _gДарение - Основен фонд |
||
| 505 | _gПортрет на Митрополит Василий, в църковни одежди, седнал, сниман от Балаш. Снимката е върху паспарту и е номерирана от м. Арнаудов с № 165 датирана януари 1925 | ||
| 852 | _aМА 5067 | ||
| 942 |
_2udc _cPHO _n0 _s1 |
||